Statistics for Guess the Border

Click here to take the quiz!

General Stats

  • This quiz has been taken 21 times
  • The average score is 12 of 15

Answer Stats

HintAnswer% Correct
Sweden's Border to the WestNorway
100%
Canada's Border to the SouthUnited States of America
100%
Sudan's Border to the NorthEgypt
89%
Vatican's Border (Any Direction)Italy
84%
Mongolia's Border to the NorthRussia
84%
Denmark's Border to the SouthGermany
79%
Kyrgyzstan's Border to the NorthKazakhstan
79%
Yemen's Border to the EastOman
79%
Qatar's Border to the WestSaudi Arabia
79%
Peru's Border to the South EastBolivia
74%
Croatia's Border to the EastBosnia & Herzegovina
74%
Panama's Border to the NorthCosta Rica
74%
Lesotho's Border (Any Direction)South Africa
74%
Gambia's Border (Any Direction)Senegal
68%
Hungary's Border to the NorthSlovakia
68%

Score Distribution

Percentile by Number Answered

Percent of People with Each Score

Your Score History

You have not taken this quiz